Canberra ... or Australia? - Statistics

General Stats
  • This quiz has been taken 12 times
  • The average score is 10 of 15
Answer Stats
Question Answer % Correct
Is a country with no land borders Australia
100%
Is a city planned by Walter Burley Griffin in 1912 Canberra
100%
It covers an area of approximately 814 square kilometres (314 square miles) Canberra
92%
Its name is based on the Latin word for "southern" Australia
83%
Has a population of approximately 28 million people Australia
83%
Is home to the world's largest sand island Australia
67%
Is home to kangaroos Both
67%
Has been known to receive snowfall Both
67%
Has an international airport Both
67%
Traffic drives on the right side of the road Neither
58%
Has a high-speed rail network Neither
50%
Is where Australia's Prime Minister lives Both
33%
Allows adults to possess small amounts of marijuana Canberra
33%
The most common country of birth (if not Australia) of its residents in 2021 was India Canberra
33%
Is Australia's largest inland city Canberra
25%
No matching quizzes found
Score Distribution
Percent of People with Each Score
Percentile by Number Answered
Your Score History
You have not taken this quiz